[Event "Michigan Class C"]
[Site "Auburn Hills, MI"]
[Date "2002.04.27"]
[Round "3.4"]
[White "Livschitz, Louiza"]
[Black "Moroney, Timothy"]
[Result "0-1"]
[WhiteElo "1560"]
[BlackElo "1560"]
[Annotator "Jeff Aldrich"]
[PlyCount "100"]
[EventDate "2002.04.26"]

{Caro-Kann: Classical} 1. e4 c6 2. d4 d5 3. Nd2 dxe4 4. Nxe4 Bf5 5. Ng3 Bg6 6.
h4 h6 7. h5 Bh7 8. Nf3 Nf6 9. Bd3 ({This allows Black to equalize. A more
dynamic idea is} 9. Bc4) 9... Bxd3 10. Qxd3 e6 11. Bd2 Nbd7 12. O-O-O {This
has never impressed me much. Black has naturally attacking ideas with the a &
b-pawns, supported by the c6-pawn and the rook on the a-file.} Be7 13. Ne4 Nxe4
14. Qxe4 Nf6 15. Qe2 O-O 16. Ne5 Qc7 17. g4 Nh7 18. f4 Rfd8 19. Be3 c5 20. Qc4
{Black has created enough counterplay to distract White from attacking on the
king-side.} Bd6 21. Rhg1 cxd4 22. Qxc7 Bxc7 23. Bxd4 Nf6 24. g5 $2 {White no
longer has the firepower to continue attacking. This simply loses a pawn.} hxg5
25. h6 gxh6 26. fxg5 hxg5 27. Rxg5+ Kf8 28. Bc5+ Ke8 29. Rdg1 Bxe5 30. Rxe5 Rd5
31. Rxd5 exd5 32. Re1+ Ne4 33. Bd4 Kd7 34. b3 Ke6 35. Kb2 a6 36. c4 Rg8 37.
cxd5+ Kxd5 38. Bb6 f5 39. Rf1 Ke6 40. Re1 Rg2+ 41. Ka3 Kf6 42. Rh1 f4 43. Rh7
Nd6 44. Bc5 Nb5+ 45. Kb4 Rxa2 46. Rxb7 f3 47. Kc4 $2 {DIAGRAM Find the shot
for Black} Nd6+ $1 {Removing the guard that prevents the pawn from reaching
the endzone.} 48. Bxd6 f2 49. Be5+ Ke6 50. Rb6+ Kxe5 0-1

[Event "Michigan Class B"]
[Site "Auburn Hills, MI"]
[Date "2002.04.27"]
[Round "1.14"]
[White "Laurin, Edward"]
[Black "McCarter, Robert"]
[Result "1-0"]
[WhiteElo "1737"]
[BlackElo "1600"]
[PlyCount "115"]
[EventDate "2002.04.26"]

1. e4 c5 2. Nc3 Nc6 3. Bc4 e6 4. d3 g6 5. Bf4 Bg7 6. Qd2 d6 7. Nf3 a6 8. h4 h5
9. O-O b5 10. Bb3 b4 11. Nd1 a5 12. c3 a4 13. Bc2 Bh6 14. Bxh6 Nxh6 15. Ne3 Ng4
16. Nc4 Nce5 17. Ncxe5 Nxe5 18. Nxe5 dxe5 19. g3 bxc3 20. bxc3 O-O 21. Rad1 a3
22. f4 exf4 23. Qxf4 Qe7 24. Bb3 Ba6 25. e5 Rfd8 26. Bc4 Bb7 27. d4 cxd4 28.
Rxd4 Rxd4 29. Qxd4 Ba6 30. Bxa6 Rxa6 31. Rd1 Qa7 32. Qxa7 Rxa7 33. Rd8+ Kg7 34.
Rb8 Ra5 35. Rb3 Kf8 36. c4 Rxe5 37. Rxa3 Re1+ 38. Kf2 Rc1 39. Ra4 Ke7 40. Ke3
Kd6 41. Kd4 e5+ 42. Ke3 Rc3+ 43. Kf2 e4 44. c5+ Kd5 45. Ra7 Rf3+ 46. Kg2 Kxc5
47. a4 Kd4 48. a5 Ke3 49. a6 Rf2+ 50. Kg1 Rf6 51. Kg2 Ke2 52. Re7 e3 53. a7 Ra6
54. Rxf7 Kd1 55. Kf3 e2 56. Rd7+ Ke1 57. Re7 Ra3+ 58. Kg2 1-0

[Event "Michigan Masters/Experts"]
[Site "Auburn Hills, MI"]
[Date "2002.04.27"]
[Round "2.13"]
[White "Jarosz, Stan"]
[Black "Gabbara, Faris"]
[Result "0-1"]
[WhiteElo "2051"]
[BlackElo "2058"]
[PlyCount "92"]
[EventDate "2002.04.26"]

1. d4 Nf6 2. Nf3 c5 3. c4 g6 4. Nc3 Bg7 5. e4 cxd4 6. Nxd4 d6 7. Be2 Nc6 8. Be3
O-O 9. Qd2 Ng4 10. Bxg4 Bxg4 11. O-O Rc8 12. Rac1 Qa5 13. b3 Rfe8 14. f3 Bd7
15. Rfd1 Rcd8 16. Nd5 Qxd2 17. Rxd2 e6 18. Nxc6 Bxc6 19. Nb4 Rd7 20. Nxc6 bxc6
21. Bf4 Red8 22. Rcd1 d5 23. exd5 exd5 24. Bg5 f6 25. Be3 Kf7 26. cxd5 cxd5 27.
Rd4 f5 28. Ra4 d4 29. Bg5 Rc8 30. Rd3 Rc3 31. Rxc3 dxc3 32. Rc4 Be5 33. Kf1
Rd1+ 34. Ke2 Rg1 35. Kf2 Ra1 36. a4 Ra3 37. f4 Bh8 38. Rc7+ Ke6 39. Ke2 Rxb3
40. Rxa7 c2 41. Kd2 Rc3 42. Kc1 Rc8 43. Re7+ Kd6 44. Re1 Bc3 45. Rf1 Bd4 46.
Re1 Kd5 0-1

[Event "Michigan Class C"]
[Site "Auburn Hills, MI"]
[Date "2002.04.27"]
[Round "2.2"]
[White "Imai, Toshio"]
[Black "Livschitz, Louiza"]
[Result "1/2-1/2"]
[WhiteElo "1415"]
[BlackElo "1560"]
[PlyCount "33"]
[EventDate "2002.04.26"]

1. e4 c5 2. d4 cxd4 3. c3 dxc3 4. Nf3 cxb2 5. Bxb2 Nc6 6. Bc4 e6 7. O-O d6 8.
Qe2 Nf6 9. Rd1 Qc7 10. Nc3 Be7 11. Rac1 Qb8 12. Nb5 e5 13. Bxf7+ Kxf7 14. Qc4+
Ke8 15. Ng5 Rf8 16. Ba3 Ng4 17. Bxd6 1/2-1/2

[Event "Michigan Class C"]
[Site "Auburn Hills, MI"]
[Date "2002.04.27"]
[Round "3.9"]
[White "Hollinsworth, Galon"]
[Black "Mose, Greg"]
[Result "1-0"]
[WhiteElo "1534"]
[BlackElo "1504"]
[PlyCount "35"]
[EventDate "2002.04.26"]

1. e4 c5 2. Nf3 d6 3. d4 cxd4 4. Nxd4 Nf6 5. Bd3 Nc6 6. c3 e6 7. Nd2 Be7 8. O-O
O-O 9. Re1 a6 10. N2f3 Qc7 11. Bd2 d5 12. e5 Nd7 13. Qc2 f6 14. Bxh7+ Kh8 15.
Nxe6 Qb8 16. Qg6 Rg8 17. Bxg8 Bf8 18. Qh7# 1-0

[Event "Michigan Class C"]
[Site "Auburn Hills, MI"]
[Date "2002.04.27"]
[Round "2.4"]
[White "Hollinsworth, Galon"]
[Black "Holden, Anthony"]
[Result "0-1"]
[WhiteElo "1534"]
[BlackElo "1477"]
[PlyCount "70"]
[EventDate "2002.04.26"]

1. e4 c5 2. Bc4 Nc6 3. Nf3 e5 4. c3 d6 5. d4 exd4 6. cxd4 Bg4 7. Qb3 Qe7 8. O-O
Bxf3 9. gxf3 Nxd4 10. Bb5+ Kd8 11. Qd3 Qf6 12. f4 Nxb5 13. Qxb5 Qg6+ 14. Kh1
Qxe4+ 15. f3 Qc6 16. Qc4 f5 17. Nc3 Nf6 18. Be3 a6 19. a4 Kc7 20. b4 d5 21. Qb3
d4 22. b5 Qe8 23. Bxd4 cxd4 24. Rfe1 Qd7 25. Qc4+ Kd8 26. bxa6 Rxa6 27. Nb5 Rc6
28. Qd3 Bc5 29. Re5 g6 30. Qd2 Re8 31. Qa5+ Bb6 32. Qb4 Rxe5 33. fxe5 Qd5 34.
Qf8+ Ne8 35. Kg2 Rc2+ 0-1

[Event "Michigan Class C"]
[Site "Auburn Hills, MI"]
[Date "2002.04.27"]
[Round "3.5"]
[White "Holden, Anthony"]
[Black "Aldrich, Justin"]
[Result "1-0"]
[WhiteElo "1477"]
[BlackElo "1599"]
[PlyCount "73"]
[EventDate "2002.04.26"]

1. d4 d5 2. e3 Nf6 3. Bd3 e6 4. Nd2 c5 5. c3 Nc6 6. f4 Bd6 7. Ngf3 Qc7 8. O-O
cxd4 9. cxd4 Nb4 10. Bb1 Bd7 11. a3 Nc6 12. Ne5 O-O 13. Rf3 Ne7 14. Rh3 g6 15.
Ndf3 Nf5 16. g4 Ng7 17. Ng5 Be8 18. Bd2 Rc8 19. Qf3 h5 20. gxh5 Ngxh5 21. Bd3
Kg7 22. Bxg6 Rh8 23. Rc1 Qd8 24. Bxf7 Rxc1+ 25. Bxc1 Bxf7 26. Ngxf7 Qc7 27.
Qg2+ Kf8 28. Ng6+ Kxf7 29. Nxh8+ Ke7 30. Bd2 Qc2 31. Ng6+ Kf7 32. Ne5+ Bxe5 33.
fxe5 Ne4 34. Rf3+ Ke7 35. Bb4+ Kd7 36. Rf7+ Ke8 37. Qg8# 1-0

[Event "Michigan Class B"]
[Site "Auburn Hills, MI"]
[Date "2002.04.27"]
[Round "3.7"]
[White "Hershberger, Kent"]
[Black "Loo, James"]
[Result "0-1"]
[WhiteElo "1664"]
[BlackElo "1630"]
[PlyCount "116"]
[EventDate "2002.04.26"]

1. e4 c5 2. Nf3 d6 3. d4 cxd4 4. Nxd4 Nf6 5. Nc3 a6 6. Bc4 e6 7. O-O Qc7 8. Bd3
Be7 9. Kh1 Nbd7 10. f4 b5 11. a3 Bb7 12. Qf3 Nc5 13. Re1 Nxd3 14. cxd3 Nd7 15.
Bd2 Bf6 16. Nce2 Rc8 17. Rac1 Qb8 18. Rxc8+ Qxc8 19. Rc1 Qb8 20. Ba5 O-O 21.
Bc7 Qa7 22. Bxd6 Bxd4 23. Bxf8 Nxf8 24. f5 Bxb2 25. fxe6 Nxe6 26. Rf1 Bc8 27.
h3 Qe7 28. Ng3 g6 29. Qg4 Bd7 30. Nf5 Qg5 31. Qe2 Be5 32. h4 Qd8 33. Nh6+ Kg7
34. Nxf7 Qxh4+ 35. Kg1 Bd4+ 36. Rf2 Qxf2+ 37. Qxf2 Bxf2+ 38. Kxf2 Kxf7 39. Ke3
a5 40. d4 b4 41. axb4 axb4 42. d5 Nc7 43. Kd4 h5 44. Kc4 Na6 45. e5 h4 46. e6+
Bxe6 47. dxe6+ Kxe6 48. Kb3 Kd5 49. Kc2 Kc4 50. Kb2 Nc5 51. Kc2 b3+ 52. Kb2
Nd3+ 53. Kb1 Kc3 54. Ka1 Nf4 55. Kb1 Nxg2 56. Kc1 h3 57. Kb1 h2 58. Kc1 h1=Q#
0-1

[Event "Michigan Class B"]
[Site "Auburn Hills, MI"]
[Date "2002.04.27"]
[Round "2.1"]
[White "Herreshoff, Matt"]
[Black "Kahn, Aaron"]
[Result "0-1"]
[WhiteElo "1739"]
[BlackElo "1727"]
[PlyCount "78"]
[EventDate "2002.04.26"]

1. c4 e5 2. g3 Nc6 3. Bg2 Nf6 4. Nc3 Bc5 5. a3 a5 6. e3 d6 7. Nge2 O-O 8. O-O
Re8 9. d4 exd4 10. exd4 Bb6 11. Bg5 Bg4 12. h3 Bxe2 13. Nxe2 h6 14. Be3 d5 15.
c5 Ba7 16. b4 Bb8 17. Qb3 Ne7 18. Nf4 c6 19. bxa5 Qc8 20. g4 Rxa5 21. Rfe1 g5
22. Ne2 Ng6 23. Ng3 Nh4 24. Bh1 Ne4 25. Nxe4 dxe4 26. Bd2 Rb5 27. Qc2 Qc7 28.
f4 gxf4 29. Bxe4 f3 30. Bxh6 Qg3+ 31. Kf1 Qxh3+ 32. Kg1 Qxg4+ 33. Kh1 Qh3+ 34.
Kg1 Kh8 35. Bh7 Qg3+ 36. Kf1 Qg2+ 37. Qxg2 fxg2+ 38. Kf2 Rb2+ 39. Kg1 Nf3# 0-1

[Event "Michigan Class C"]
[Site "Auburn Hills, MI"]
[Date "2002.04.27"]
[Round "2.12"]
[White "Hazzard, Bill"]
[Black "Smeckert, Dennis"]
[Result "1-0"]
[WhiteElo "1500"]
[BlackElo "1507"]
[PlyCount "57"]
[EventDate "2002.04.26"]

1. e4 d6 2. d4 Nf6 3. Nc3 g6 4. Bc4 Bg7 5. Be3 O-O 6. h3 c6 7. Qd2 Nxe4 8.
Bxf7+ Rxf7 9. Nxe4 d5 10. Nc5 Qf8 11. Nf3 b6 12. Nd3 Rxf3 13. gxf3 Qxf3 14. Rg1
Bxh3 15. Ne5 Bxe5 16. dxe5 Nd7 17. Qd4 Bf5 18. Kd2 Nc5 19. Raf1 e6 20. Kc1 Ne4
21. Qd1 Qxd1+ 22. Kxd1 c5 23. f3 Bh3 24. fxe4 Bxf1 25. Rxf1 Kg7 26. Ke2 d4 27.
Bg5 h6 28. Bf6+ Kg8 29. Rh1 {White won on Time} 1-0

[Event "Michigan Class A"]
[Site "Auburn Hills, MI"]
[Date "2002.04.27"]
[Round "2.1"]
[White "Hamood, Al"]
[Black "Smith, Walt"]
[Result "1-0"]
[WhiteElo "1891"]
[BlackElo "1973"]
[PlyCount "137"]
[EventDate "2002.04.26"]

{Round 2} 1. e4 c5 2. Nf3 Nc6 3. d4 cxd4 4. Nxd4 Nf6 5. Nc3 g6 6. Nxc6 bxc6 7.
e5 Nh5 8. Be2 Ng7 9. Bh6 Qc7 10. f4 Qb6 11. Qd2 Rb8 12. Rb1 Nf5 13. Bxf8 Rxf8
14. Bd3 f6 15. Ne4 fxe5 16. fxe5 Qd4 17. c3 Qxe5 18. O-O d5 19. Ng5 h6 20. Rbe1
Qg7 21. Nf3 Rf6 22. Qf2 Rb6 23. a4 e6 24. a5 Rb8 25. Ne5 h5 26. Nxc6 Rb7 27.
Ba6 Rc7 28. Bxc8 Rxc8 29. Nxa7 Ra8 30. Nc6 Ra6 31. Nd4 Qc7 32. Nxf5 Rxf5 33.
Qd4 Rxf1+ 34. Rxf1 Qa7 35. Qxa7 Rxa7 36. b4 Ke7 37. Ra1 Kd6 38. b5 Ra8 39. Kf2
g5 40. Ke3 e5 41. b6 Kc6 42. Rb1 g4 43. b7 d4+ 44. cxd4 exd4+ 45. Kxd4 Rd8+ 46.
Kc4 Kc7 47. b8=Q+ Rxb8 48. Rxb8 Kxb8 49. Kd5 Ka7 50. Ke5 h4 51. Kf4 h3 52. g3
Ka6 53. Kxg4 Kxa5 54. Kxh3 Kb6 55. Kg4 Kc7 56. h4 Kd7 57. Kf5 Ke7 58. g4 Kf7
59. h5 Kg7 60. g5 Kf7 61. h6 Kg8 62. Kf6 Kh7 63. g6+ Kg8 64. h7+ Kh8 65. g7+
Kxh7 66. Kf7 Kh6 67. g8=Q Kh5 68. Qg3 Kh6 69. Qg6# 1-0

[Event "Michigan Class A"]
[Site "Auburn Hills, MI"]
[Date "2002.04.27"]
[Round "3.1"]
[White "Hamood, Al"]
[Black "Randall, Paul"]
[Result "1-0"]
[WhiteElo "1891"]
[BlackElo "1984"]
[PlyCount "57"]
[EventDate "2002.04.26"]

{Round 3} 1. e4 c5 2. Nf3 d6 3. d4 cxd4 4. Nxd4 Nf6 5. Nc3 g6 6. Be3 Bg7 7. f3
O-O 8. Qd2 Nc6 9. O-O-O d5 10. Qe1 e5 11. Nxc6 bxc6 12. exd5 Nxd5 13. Bc4 Be6
14. Bc5 Rb8 15. Bxf8 Qxf8 16. Nxd5 cxd5 17. Bxd5 e4 18. Bb3 e3 19. Qxe3 Bh6 20.
f4 Bxb3 21. axb3 Qb4 22. g3 a5 23. Rd4 Qb6 24. Rhd1 Bf8 25. R4d3 Bc5 26. Qd2
Be7 27. Rd7 Bb4 28. Rd8+ Kg7 29. Qd4+ 1-0

[Event "Michigan Novice"]
[Site "Auburn Hills, MI"]
[Date "2002.04.27"]
[Round "2.13"]
[White "Gurski, Michael"]
[Black "Decker, James"]
[Result "1-0"]
[WhiteElo "1019"]
[BlackElo "807"]
[PlyCount "55"]
[EventDate "2002.04.26"]

1. e4 e5 2. Nf3 Nc6 3. Bc4 Bc5 4. O-O Nf6 5. d4 Nxd4 6. Nxe5 O-O 7. Be3 d6 8.
Bxf7+ Rxf7 9. Nxf7 Kxf7 10. Bxd4 Nxe4 11. Qf3+ Nf6 12. Bxc5 dxc5 13. Nc3 b6 14.
Qxa8 a5 15. Rad1 Qf8 16. Nd5 Ng4 17. Nxc7 g6 18. Nb5 Ne5 19. Qxc8 Nc4 20. Rd7+
Kg8 21. Rd8 Qxd8 22. Qxd8+ Kg7 23. Qe7+ Kh6 24. Re1 Nxb2 25. Re4 g5 26. Qf6+
Kh5 27. g4+ Kh4 28. Qh6# 1-0

[Event "Michigan Novice"]
[Site "Auburn Hills, MI"]
[Date "2002.04.27"]
[Round "1.11"]
[White "Gurski, Michael"]
[Black "Avery, James"]
[Result "0-1"]
[WhiteElo "1019"]
[BlackElo "725"]
[Annotator "Tim McGrew"]
[PlyCount "114"]
[EventDate "2002.04.26"]

{Sicilian: Closed} 1. e4 c5 {I have long wondered why young players try the
Sicilian for Black. Doubtless there is some element of hero worship in it:
hasn't the Sicilian been used by Fischer and Kasparov? Yes, it has; but that
does not mean that it will work out best for less exalted players. The
Sicilian is a hard opening to play well!} 2. Nc3 e5 $6 {Here, Black shows his
unfamiliarity with the Sicilian and gives White the chance to build up an
excellent position -- which, up to a point, he does.} 3. Bc4 Nf6 4. d3 Be7 5.
Nge2 ({The immediate} 5. f4 {wouldbe even better. White can increase the
pressure with Nf3 next move.}) 5... O-O 6. O-O d6 7. f4 {White has a pleasant
advantage in space.} Bg4 {The beginni ng of a misguided plan. Black probably
wants to put his knight on d4 -- a good idea. But trading off his good bishop
is too high a price to pay for this.} 8. h3 Bxe2 9. Qxe2 Nc6 10. fxe5 Nd4 11.
Qf2 dxe5 12. Nb5 {White wants to eliminate the strong knight at d4, but this
move could have given Black a ready-made target.} (12. Nd5 {is a better way to
deal with the intruder, preparing c3 in some lines.}) 12... Nxb5 13. Bxb5 Rc8 (
{It is a bit difficult to see, but Black can free himself here with} 13... a6
$1 14. Ba4 b5 15. Bb3 c4 $1 {and now to avoid losing his bishop, White must
abandon his pawn on e4:} 16. dxc4 Nxe4 $132 {and Black has real counterplay.})
14. Qg3 Nh5 {Dropping another pawn. The idea in the previous note with 14...a6
was still possible here.} 15. Qxe5 g6 16. Bh6 Bd6 17. Qd5 Ng7 18. Bc4 Rc7 19.
Rf3 (19. e5 $1) 19... Rd7 20. Qg5 Be7 21. Qe5 Nh5 22. Bxf8 Bf6 {DIAGRAM} 23.
Qxc5 $4 {An automatic move, picking up something that is apparently free.} (23.
Rxf6 $1 {is crushing, e.g.} Qxf6 (23... Nxf6 24. Bxc5 $18 {is also terrific
for White.}) 24. Qxf6 Nxf6 25. Bxc5 $18 {and White is a piece and several
pawns ahead and should win easily.}) 23... Bd4+ 24. Qxd4 Rxd4 25. Rxf7 $4 {
Overlooking a tactic.} (25. Bc5 $1 $18 {leaves White with two rooks and sundry
pawns for the queen -- an imbalanced position, but one that should favor White
since Black's king is vulnerable at f7 and on the dark squares.}) 25... Rxc4 $1
{Removing the guard. Now the game turns in Black's favor.} 26. dxc4 $2 {This
is the blunder that seals White's fate. He could keep his strong pawns intact
and retain some chances if he kept both of his rooks on the board.} (26. Rf2
Rc8 27. Bh6 {is better for Black but offers White some counterplay down the
f-file.}) 26... Kxf7 {Now the contest between a rook and a queen is a very
unequal struggle, and Black takes advantage of his superiority in a convincing
way.} 27. Rf1+ Nf6 28. Bh6 Ke6 {The active king!} 29. Bg5 Qd4+ $1 {Unpinning
the knight. Now White's pawns start to fall.} 30. Kh1 Nxe4 31. Bf4 g5 32. Bc1
$2 (32. Bb8 {at least keeps the forking square covered.}) 32... Ng3+ {Oops.}
33. Kh2 Nxf1+ 34. Kh1 Qe4 35. Kg1 Qe2 36. Bxg5 Qe5 37. Bc1 Ne3 38. Kf2 Qf4+ 39.
Ke2 Qf1+ 40. Kd2 Nxc4+ 41. Kc3 Qxc1 42. Kxc4 Qxc2+ 43. Kd4 Qxb2+ 44. Ke4 Qxg2+
45. Kf4 Qxh3 46. Kg5 h6+ 47. Kf4 Qa3 48. Kg4 h5+ 49. Kg5 h4 50. Kxh4 Qf8 51.
Kg3 Ke5 52. a4 a5 53. Kg4 Qf2 54. Kg5 Qg3+ 55. Kh6 Kf5 56. Kh7 Kf6 57. Kh8 Qg7#
0-1

[Event "Michigan Class C"]
[Site "Auburn Hills, MI"]
[Date "2002.04.27"]
[Round "1.11"]
[White "Grzegorczyk, Ron"]
[Black "Aldrich, Justin"]
[Result "0-1"]
[WhiteElo "1500"]
[BlackElo "1599"]
[PlyCount "114"]
[EventDate "2002.04.26"]

1. e4 e5 2. Nf3 d6 3. Nc3 Nf6 4. Be2 Nc6 5. d3 Be7 6. Be3 O-O 7. O-O h6 8. Kh1
Ng4 9. Bd2 f5 10. h3 fxe4 11. dxe4 Nf6 12. Bc4+ Kh7 13. Qe2 Qe8 14. Nd5 Nxd5
15. exd5 Nd8 16. Bd3+ Kg8 17. g4 Qf7 18. Nh2 Qxd5+ 19. f3 Qf7 20. Qe4 g5 21. h4
Ne6 22. h5 Nc5 23. Qg6+ Qxg6 24. Bxg6 Ne6 25. c3 Nf4 26. Bxf4 Rxf4 27. Rad1 Bd7
28. Kg2 Bc6 29. Kf2 Raf8 30. Ke3 Kg7 31. Bf5 Be8 32. b3 c6 33. c4 Bxh5 34. Bc8
Rxc8 35. gxh5 Rh4 36. Ng4 Rxh5 37. Kf2 Rf8 38. Kg2 Rh4 39. c5 Rd8 40. cxd6 Bxd6
41. Nxe5 Bc7 42. Rxd8 Bxd8 43. Rd1 Bb6 44. Rd7+ Kf6 45. Ng4+ Ke6 46. Rxb7 h5
47. Nf2 Bxf2 48. Kxf2 Rh2+ 49. Kg3 Rxa2 50. Rh7 h4+ 51. Kg4 Rg2+ 52. Kh5 h3 53.
Rh6+ Kf5 54. Rxc6 h2 55. Rc5+ Kf4 56. Rc4+ Kg3 57. Rg4+ Kxf3 0-1

[Event "Michigan Class D/E"]
[Site "Auburn Hills, MI"]
[Date "2002.04.27"]
[Round "1.13"]
[White "Gregg, Ted"]
[Black "Cowans, Winston"]
[Result "1-0"]
[WhiteElo "1162"]
[BlackElo "1267"]
[PlyCount "73"]
[EventDate "2002.04.26"]

1. f4 b6 2. Nf3 Bb7 3. e3 c5 4. b3 Nf6 5. Bb2 d6 6. Bb5+ Nbd7 7. O-O a6 8.
Bxd7+ Qxd7 9. c4 e6 10. Nc3 Be7 11. d3 O-O 12. e4 Rad8 13. h3 Qc7 14. Nh2 g6
15. Qe1 Nh5 16. Ne2 Qc6 17. g4 Ng7 18. g5 f5 19. gxf6 Bxf6 20. Bxf6 Rxf6 21.
Qh4 Rf7 22. Qxd8+ Rf8 23. Qg5 Nf5 24. Ng4 Kg7 25. Kf2 h5 26. Ne3 Nh6 27. Rg1
Rf6 28. Qxh5 e5 29. Qg5 Qc8 30. f5 Qf8 31. Ng4 Nxg4+ 32. Rxg4 d5 33. Rh4 Rxf5+
34. exf5 Qxf5+ 35. Qxf5 gxf5 36. Rg1+ Kf8 37. Rh7 1-0

[Event "Michigan Class D/E"]
[Site "Auburn Hills, MI"]
[Date "2002.04.27"]
[Round "2.12"]
[White "Gregg, Ted"]
[Black "Cendrowski, Chris"]
[Result "0-1"]
[WhiteElo "1162"]
[BlackElo "1329"]
[PlyCount "90"]
[EventDate "2002.04.26"]

1. f4 d5 2. Nf3 Bg4 3. e3 Nd7 4. h3 Bxf3 5. Qxf3 c6 6. Be2 e5 7. fxe5 Nxe5 8.
Qf2 Bd6 9. O-O Nf6 10. d3 Qc7 11. Nd2 O-O-O 12. e4 Kb8 13. d4 Qb6 14. Nb3 dxe4
15. Be3 Ng6 16. d5 Qc7 17. Bxa7+ Kc8 18. Bb6 Bg3 19. Qf5+ Qd7 20. Bxd8 Rxd8 21.
Nc5 Qxf5 22. Rxf5 cxd5 23. Rd1 e3 24. Kf1 b6 25. Ba6+ Kc7 26. Nb3 Kc6 27. Ke2
Re8 28. Nd4+ Kd6 29. Rf3 Nf4+ 30. Rxf4 Bxf4 31. Nf5+ Ke5 32. Bb5 Ra8 33. Nh4
Rxa2 34. Nf3+ Kd6 35. Rd4 Ne4 36. Kd3 Rxb2 37. Bc4 Nc5+ 38. Ke2 Rxc2+ 39. Kf1
Rxc4 40. Rxc4 dxc4 41. Nd4 Ke5 42. Nc2 Ke4 43. Ke2 Ne6 44. g3 Bh6 45. h4 Nd4+
0-1

[Event "Michigan Class D/E"]
[Site "Auburn Hills, MI"]
[Date "2002.04.27"]
[Round "3.9"]
[White "Gibbs, Tony"]
[Black "Whatling, David"]
[Result "1/2-1/2"]
[WhiteElo "1348"]
[BlackElo "1158"]
[PlyCount "100"]
[EventDate "2002.04.26"]

1. e4 e5 2. Nf3 d6 3. Bc4 Be7 4. Nc3 Nf6 5. d3 O-O 6. O-O Nc6 7. Re1 Bg4 8. h3
Bh5 9. g4 Nxg4 10. hxg4 Bxg4 11. Re3 Nd4 12. Nb5 Nxf3+ 13. Rxf3 Bxf3 14. Qxf3
c6 15. Nc3 Bg5 16. Kf1 Bxc1 17. Rxc1 Qg5 18. Rd1 Qf4 19. Qg2 c5 20. Nd5 Qh4 21.
Ke2 Qd8 22. Rg1 g6 23. Qf3 Kh8 24. Nf6 Kg7 25. Nh5+ Kh8 26. Nf6 Kg7 27. Rh1 h6
28. Ng4 h5 29. Ne3 Qf6 30. Qg3 Rh8 31. Nf5+ Kf8 32. Ne3 a6 33. Nd5 Qd8 34. Qf3
Rc8 35. Rg1 Rg8 36. Nb6 Rc7 37. Nd5 Rc8 38. Nb6 Rc7 39. Nd5 Rc8 40. Nf6 Rg7 41.
Nxh5 gxh5 42. Rxg7 Kxg7 43. Qxf7+ Kh6 44. Qe6+ Kg7 45. Qf7+ Kh6 46. Qxb7 Rb8
47. Qd5 Rxb2 48. Bb3 Rb1 49. Qe6+ Kg7 50. Qf7+ Kh6 1/2-1/2

[Event "Michigan Class D/E"]
[Site "Auburn Hills, MI"]
[Date "2002.04.27"]
[Round "2.4"]
[White "Gibbs, Tony"]
[Black "Clark, Richard"]
[Result "0-1"]
[WhiteElo "1348"]
[BlackElo "1228"]
[PlyCount "92"]
[EventDate "2002.04.26"]

1. e4 g6 2. d4 Bg7 3. e5 d6 4. exd6 cxd6 5. Nf3 Nf6 6. Bd3 O-O 7. Be3 Nbd7 8.
O-O a6 9. c4 Qc7 10. Nc3 e6 11. Qc2 b6 12. Rfe1 Bb7 13. Ne4 Nxe4 14. Bxe4 Bxe4
15. Qxe4 Qxc4 16. b3 Qb5 17. Rac1 d5 18. Qg4 Rac8 19. Qh3 Nf6 20. Rxc8 Rxc8 21.
Ng5 Rc6 22. Bf4 Qb4 23. Rd1 Qe7 24. Be5 h6 25. Nf3 Rc3 26. Qh4 h5 27. h3 a5 28.
Qg5 Kh7 29. Qd2 Ne4 30. Qf4 Kg8 31. Nd2 g5 32. Qh2 Nxd2 33. Bxg7 Kxg7 34. Qe5+
f6 35. Qe1 Nf3+ 36. gxf3 Rxf3 37. Kg2 g4 38. hxg4 hxg4 39. Qe2 Qd6 40. Re1 Qf4
41. Kg1 Qxd4 42. Kh1 Rh3+ 43. Kg2 Qe4+ 44. Kf1 f5 45. Qb2+ Kg6 46. Qe2 Qxe2+
0-1

[Event "Michigan Masters/Experts"]
[Site "Auburn Hills, MI"]
[Date "2002.04.27"]
[Round "3.4"]
[White "Ghobrial, Ameer"]
[Black "Gabbara, Faris"]
[Result "1-0"]
[WhiteElo "2129"]
[BlackElo "2058"]
[PlyCount "68"]
[EventDate "2002.04.26"]

1. c4 e5 2. Nc3 Nf6 3. a3 Nc6 4. g3 d5 5. cxd5 Nxd5 6. Bg2 Be6 7. d3 Be7 8. Nf3
Qd7 9. Ng5 Nxc3 10. bxc3 Bxg5 11. Bxg5 f6 12. Bd2 Bd5 13. f3 O-O 14. O-O Rad8
15. Be3 b6 16. Qc2 Ne7 17. Bf2 c5 18. a4 Nc6 19. Rfb1 Kh8 20. a5 Nxa5 21. Bxc5
Rf7 22. Bf2 Rc8 23. Qb2 Qe6 24. c4 Ba8 25. c5 Rfc7 26. cxb6 Rc2 27. Qa3 Rxe2
28. Qxa5 Rxf2 29. Kxf2 Rc2+ 30. Kg1 Bxf3 31. bxa7 Rxg2+ 32. Kf1 h6 33. a8=Q+
Kh7 34. Qxf3 Rxh2 1-0